States That Border The Missouri River Quiz Stats

 Plays Quiz not verified by Sporcle

Also try: 8-Letter Countries
Challenge
Share
Tweet
Embed
Score 0/7 Timer 04:00
0 Plays Today
State % Correct
Missouri
97.6%
Iowa
96.4%
Nebraska
94%
South Dakota
94%
Kansas
92.9%
North Dakota
91.7%
Montana
88.1%

You're not logged in!

Compare scores with friends on all Sporcle quizzes.
Join for Free
OR
Log In

You Might Also Like...

Show Comments

Extras

Top Quizzes Today


Score Distribution

Your Account Isn't Verified!

In order to create a playlist on Sporcle, you need to verify the email address you used during registration. Go to your Sporcle Settings to finish the process.

Report this User

Report this user for behavior that violates our Community Guidelines.

Details: